Illustrated Tolkien Quiz Stats

 Plays Quiz not verified by Sporcle

Score 0/40 Timer 12:00
0 Plays Today
% Correct
Gandalf, by Roger Garland
98.9%
Bilbo Baggins, by Maurice Sendak
98.6%
Arwen, by Billy Mosig
87.6%
Ringwraith, by Queen Margrethe II
87.3%
Gandalf and Samwise Gamgee, by Francesco Amadio
84.9%
Galadriel, by Mary Fairburn
84.8%
Aragorn, by Jenny Dolfen
84.4%
Tom Bombadil, by Greg & Tim Hildebrandt
84.2%
Pippin, by Catherine Karina Chmiel
82.3%
Smaug, by Tim Kirk
81.7%
Saruman, by Angus McBride
78.9%
Elrond, by Ana Kusicka
77.6%
Gimli, by John Howe
77.5%
Shelob, by Alan Lee
77.5%
The Balrog, by Paul Rivoche
77.4%
Treebeard, by Inger Edelfeldt
77.3%
Bilbo Baggins, by Alan Lee
75.5%
Frodo Baggins, by Paul Raymond Gregory
74.5%
Radagast the Brown, by Colleen Doran
74.3%
Beorn, by Greg & Tim Hildebrandt
73.6%
% Correct
Bard the Bowman, by Michael Hague
73.5%
Eowyn and Faramir, by Anke Eissmann
73.4%
Sauron, by J.R.R. Tolkien
71.7%
The Great Goblin, by John Howe
71.7%
Orcs, by Tim Kirk
70.6%
Oliphaunt, by Ted Nasmith
69.1%
The Witch-King of Angmar, Eowyn, and Merry, by Mariët Theune
66.9%
Theoden, by Jay Johnstone
64.9%
Boromir and Frodo Baggins, by Cor Blok
61.9%
Denethor and Faramir, by Anke Eissmann
61.4%
Grima Wormtongue, by Jon Foster
60%
Trolls, by J.R.R. Tolkien
59.7%
Wargs, by John Howe
58%
Legolas, by Jimmy Cauty
57.9%
Thorin Oakenshield, by Charles Burggraf
56.7%
Old Man Willow, by Greg & Ted Hildebrandt
55.9%
Gollum, by Tove Jansson
49.9%
Balin, by David T. Wenzel
49.5%
Thranduil, by Horus Engels
48.2%
Azog the Defiler, by Pascal Yung
24.9%

You're not logged in!

Compare scores with friends on all Sporcle quizzes.
OR
Log In

Sporcle TV

Today on Sporcle TV


Watch our educational content, quiz creation guides, and fun videos on Sporcle TV.

Show Comments

Extras

Top Quizzes Today


Score Distribution

Your Account Isn't Verified!

In order to create a playlist on Sporcle, you need to verify the email address you used during registration. Go to your Sporcle Settings to finish the process.

Report this User

Report this user for behavior that violates our Community Guidelines.

Details: